|
|
|
|
| LEADER |
01497nam a2200409 a 4500 |
| 001 |
000711980 |
| 003 |
CZ BrMZK |
| 005 |
20190822062802.0 |
| 007 |
ta |
| 008 |
040420s2004 xr a e f 000 0 cze d |
| 015 |
|
|
|a cnb001311597
|
| 020 |
|
|
|a 80-251-0144-4
|q (brož.) :
|c Kč 197,00
|
| 035 |
|
|
|a (OCoLC)85101058
|
| 040 |
|
|
|a BOA001
|b cze
|
| 041 |
1 |
|
|a cze
|h slo
|
| 072 |
|
7 |
|a 004.4/.6
|x Programování. Software
|2 Konspekt
|9 23
|
| 080 |
|
|
|a 004.438JavaScript
|2 MRF
|
| 080 |
|
|
|a 004.432.2
|2 MRF
|
| 080 |
|
|
|a 004.738.52:004.77
|2 MRF
|
| 080 |
|
|
|a 004.42
|2 MRF
|
| 080 |
|
|
|a (035)
|2 MRF
|
| 100 |
1 |
|
|a Škultéty, Rastislav,
|d 1979-
|7 jn20011018375
|4 aut
|
| 245 |
1 |
0 |
|a JavaSript :
|b programujeme internetové aplikace /
|c Rastislav Škultéty ; [překlad Michal Brůha, Ludvík Roubíček]
|
| 250 |
|
|
|a 2. aktualiz. vyd.
|
| 260 |
|
|
|a Brno :
|b Computer Press,
|c 2004
|
| 300 |
|
|
|a 224 s. :
|b il. ;
|c 23 cm
|
| 500 |
|
|
|a Překlad ze slovenštiny
|
| 504 |
|
|
|a Obsahuje rejstřík
|
| 650 |
0 |
7 |
|a JavaScript
|7 ph117651
|2 czenas
|
| 650 |
0 |
7 |
|a skriptové jazyky
|7 ph135534
|2 czenas
|
| 650 |
0 |
7 |
|a WWW aplikace
|7 ph171364
|2 czenas
|
| 650 |
0 |
7 |
|a programování
|7 ph115891
|2 czenas
|
| 655 |
|
7 |
|a příručky
|7 fd133209
|2 czenas
|
| 856 |
4 |
1 |
|u http://www.digitalniknihovna.cz/mzk/uuid/uuid:c5399b60-029f-11e4-89c6-005056827e51
|y Digitalizovaný dokument
|x NDK
|
| 910 |
|
|
|a BOA001
|b 2-1134.972
|
| 990 |
|
|
|a BK
|
| 996 |
6 |
|
|b 2610220309
|c 2-1134.972
|l MZK
|r Sklad / do 1 hodiny
|n 0
|p p.v.
|w 000711980
|u 000010
|a 1
|e BOA001
|j MZK50
|s P
|